000 00636nam a22002052 4500
001 0000013147
005 20151217145900.0
008 090611s xx 000 0 eng d
020 _a047087001x :
040 _aKABU
_cKABU
245 1 0 _aGeographic information systems and science /
_cPaul A. Longley ...[et al.].
250 _a2nd ed.
260 _aChichester, England :
_bJohn Wiley,
_c2005.
300 _axvii, 517 p.
650 0 _aGeographic information systems.
_@0000169612
700 1 _aLongley, Paul A.
_@0000170276
852 1 _9p5460 KES
908 _a090611
950 _@1
999 _c3678
_d3678